Apology for the Life and Character of the Celebrated Prophet of Arabia (Record no. 2685)

MARC details
000 -LEADER
fixed length control field 00424nam a2200157 a 4500
082 00 - DEWEY DECIMAL CLASSIFICATION NUMBER
Classification number 297.63
Author Cutter HIG
100 ## - MAIN ENTRY--AUTHOR NAME
Author name Higgins, Godfrey
245 ## - TITLE STATEMENT
Title Apology for the Life and Character of the Celebrated Prophet of Arabia
260 ## - PUBLICATION, DISTRIBUTION, ETC. (IMPRINT)
Place of publication London
Name of publisher Rowland Hunter
Year of publication 1829
300 ## - PHYSICAL DESCRIPTION
Number of Pages 108p
500 ## - GENERAL NOTE
General note includes index and biblioraphy
505 2# - FORMATTED CONTENTS NOTE
Formatted contents note Indices
650 ## - SUBJECT ADDED ENTRY--TOPICAL TERM
Topical Term Muhammad, Prophet
942 ## - ADDED ENTRY ELEMENTS (KOHA)
Koha item type Books
700 1# -
-- Higgins, Godfrey
Holdings
Home library Current library Date acquired Cost, normal purchase price Full call number Accession Number Koha item type
Henry Martyn Institute Library Henry Martyn Institute Library 07/10/2007 100.00 297.63 HIG 1163 E-Books
                   Copyright © 2026 | Henry Martyn Institute | Hyderabad | TS-500052 | INDIA | Implemented by hmi.edu.in
Hit-Count:

Powered by Koha